Statistics for Objects by Picture - J

Click here to take the quiz!

General Stats

  • This quiz has been taken 392 times
  • The average score is 13 of 15

Answer Stats

Answer% Correct
Jar
98%
Jupiter
96%
Jaguar
95%
Jump
94%
Jail
93%
Jellyfish
93%
Juice
93%
Jam / Jelly
92%
Jamaica
91%
Jewel
87%
Jigsaw
86%
Jet
83%
Junk
80%
Jug
77%
Jack-o-lantern
71%

Score Distribution

Percentile by Number Answered

Percent of People with Each Score

Your Score History

You have not taken this quiz